La France en Images - Statistiques

Statistiques générales
  • Ce quiz a été pris 1 005 fois
  • Le résultat moyen est 16 sur 24
Statistiques - réponses
Par images Hint Réponse % Correct
Région : Bretagne
97%
Personnalité : Omar Sy
92%
Marque : Renault
92%
Région : Corse
91%
Personnalité : Zinédine Zidane
90%
Club : Olympique de Marseille
89%
Personnalité : David Guetta
86%
Personnalité : Squeezie
86%
Personnalité : Coluche
85%
Compéition : Roland-Garros
81%
Personnalité : Simone Veil
69%
Film : Le Dîner de Cons
68%
Parc d'Attraction : Futuroscope
67%
Personnalité : Jean-Jacques Goldman
66%
Monument : Panthéon
61%
Personnalité : Jean Reno
60%
Personnalité : Molière
57%
Organisme : CAF
49%
Personnalité : Bourvil
46%
Massif Montagneux : Jura
46%
Ville : Toulouse
45%
Personnalité : Jean Moulin
37%
Département : Côte d'Or
32%
Volcan : Puy de Dôme
32%
Aucun quiz correspondant
Distribution des résultats
% des personnes avec chaque résultat
Percentile par nombre de réponses
Votre historique - résultats
Vous n’avez pas pris ce quiz